000
00303nam a2200133Ia 4500
005
20251222144722.0
008
251222s9999||||xx |||||||||||||| ||spa||
020
_a
84-8088-230-X
082
_a
658.302/B38
100
_a
Bell, Chip R.
245
0
_a
Mentoring:
264
_b
Gestión 2000
942
_c
LIB
999
_c
18255
_d
18255